Countries by Building with Most Floor Space - Statistics

General Stats
  • This quiz has been taken 25 times
  • The average score is 7 of 10
Answer Stats
Building Floor Area (square metres) Country % Correct
Dubai International Airport Terminal 3 1,713,000 United Arab Emirates
100%
New Century Global Center 1,760,000 China
94%
Abraj Al-Bait Endowment 1,575,815 Saudi Arabia
88%
Iran Mall > 1,400,000 Iran
82%
Ciputra World Surabaya 750,000 Indonesia
65%
Berjaya Times Square 700,000 Malaysia
59%
CentralWorld 1,024,000 Thailand
59%
Istanbul Airport Main Terminal 1,440,000 Turkey
59%
Frankfurt Airport Terminal 1 > 1,300,000 Germany
53%
Aalsmeer Flower Auction 990,000 Netherlands
24%
No matching quizzes found
Score Distribution
Percent of People with Each Score
Percentile by Number Answered
Your Score History
You have not taken this quiz